000 00447nam a2200133Ia 4500
008 191206s9999 xx 000 0 und d
090 _aPR3545135A65
245 0 _aThree comedies
260 _aThe National alumni
260 _b"The literature of Italy, 1265-1907"
260 _cc[c1907]
300 _a"xi, 372 p. col. front. (port.) 3 pl. 24 cm."
999 _c17186
_d17186